00933nam a22002415a 4500008004100000020001800041040003800059082002100097100002800118245005800146250001200204260005900216300004300275500002500318504004100343650006000384650003500444651001000479653003600489942000800525999001700533952014100550150830s2015 ii dk frb 001 0 eng d a9788122436945 aEG-ScBUEbengcEG-ScBUEdEG-ScBUE04a621.56 bPRA2221 aPrasad, Manohar.93896310aRefrigeration and air conditioning /cManohar Prasad. 33rd ed. aNew Delhi :bNew Age International (P) Limited,c2015. axix, 559 p. :bcharts, forms ;c24 cm. aIndex : p. 553-559.  aIncludes bibliographical references. 0aRefrigeration and refrigerating machinery.2BUEsh95821 7aAir conditioning.2BUEsh95822 2BUEsh bENGGENcAugust2015cJanuary2016 2ddc c20741d20713 00102ddc40708BaccahaMAINbMAINc1STd2015-08-30ePurchaseg170.00h21761l0o621.56 PRAp000039543r2025-07-15 00:00:00v213.00yBB